00531 2200205 4500001002100000005001500021035002000036007000300056008004100059020001800100082000800118084001400126100002500140245005300165250001000218260003000228300003500258650002300293990000900316INLIS00000000000246420181206110959 a0010-1218000023ta181206 g 0 ind  a979-8966-15-5 a300 a300 WAL l0 aIMMANUEL,wallerstein1 aLintas Batas Ilmu Sosial /cIMMANUEL,wallerstein acet.1 aYogyakarta :bLKis,c1997 axii, 164 hlm ;c11,5 x 19,5 cm aILMU - ILMU SOSIAL a4131